000 02695nam0a2200373 4500
001 RU\NLR\BIBL_A\016213195
005 20250624234546.0
021 _aRU
_b2022-72524
_9КН-П-6312
035 _a(RuMoRGB)011297614
035 _a(NLR Aleph) 016213195
090 _a12713958
_c12713958
100 _a20221121d2022 |||y0rusy50 ca
101 0 _arus
102 _aRU
105 _aa j 000zy
181 1 _ai
_b e
182 1 _an
200 1 _aГеодезические измерения в строительстве
_eучебно-методическое пособие
_fС. В. Степанов, А. М. Исламов
_gМинистерство науки и высшего образования Российской Федерации, Казанский государственный архитектурно-строительный университет
203 _aТекст
_bвизуальный
_cнепосредственный
210 _aКазань
_cИздательство Казанского государственного архитектурно-строительного университета
_d2022
215 _a63 с.
_cил., цв. ил.
_d21
313 _aТеория без специфики
320 _aБиблиогр.: с. 63 (8 назв.)
330 _aУчебно-методическое пособие содержит материалы, необходимые для изучения методов и оборудования при геодезических измерениях. Пособие составлено в соответствии с Федеральными государственными образовательными стандартами и предназначено для студентов по направлениям подготовки 08.03.01 "Строительство", 21.03.02 "Землеустройство и кадастры" и специальности 08.05.01 "Строительство уникальных зданий и сооружений"
606 1 _aГеодезические измерения
_jУчебно-методические пособия для высших учебных заведений
_91304988
_3RU\NLR\AUTH\66223681
675 _a528.48(075.8)
_v4
686 1 _aД104.1я73
686 1 _aД121.3я73
700 1 _aСтепанов
_bС. В.
_cканд. техн. наук, строительство
_gСергей Викторович
_9251391
_3RU\NLR\AUTH\770251447
702 1 _aИсламов
_bА. М.
_gАнвар Махмутович
_4220
942 _cBOOK
980 _aNB